Adivina marcas Argentinas #6 - Estadísticas

Estadísticas generales
  • Esta prueba ha sido intentada 35 veces
  • La puntuación promedio es 16 de 24
Estadísticas de respuestas
Imagen Respuesta % Correcto
Clarín
91%
Luzu Tv
91%
Patagonia
91%
Rapipago
91%
Vittal
91%
Bonafide
88%
La Paulina
88%
Bolivia
81%
Ciudad del Lago
75%
Tatín
75%
Mimo & Co
69%
Minerva
69%
Presto Pronta
66%
Eco de los Andes
63%
Matarazzo
59%
Terma
59%
Andesmar
56%
Crucero del Norte
50%
Arlistán
47%
Fono Bus
47%
Sacoa
47%
Sei Tu
47%
Sica
47%
Naranju
31%
No se encontraron pruebas coincidentes
Distribución de puntuación
Porcentaje de gente con cada puntuación
Porcentaje por número respondido
Historial de tus puntuaciones
No has intentado esta prueba.